[Event "TUR-chT"]
[Site "Ankara"]
[Date "2018.08.02"]
[Round "9.4"]
[White "Yorgun, Yaren Naz"]
[Black "Erece, Ece Alkim"]
[Result "0-1"]
[WhiteElo "1737"]
[BlackElo "1788"]
[PlyCount "160"]
[EventDate "2018.07.25"]
[EventType "team-tourn"]
[EventRounds "13"]
[EventCountry "TUR"]
[SourceTitle "CBM 185 Extra"]
[Source "ChessBase"]
[SourceDate "2018.07.29"]
[SourceVersion "1"]
[SourceVersionDate "2018.07.29"]
[SourceQuality "1"]
[WhiteTeam "Darassufaka Spor"]
[BlackTeam "Bursa Buyuksehir"]
[WhiteTeamCountry "TUR"]
[BlackTeamCountry "TUR"]

1. e4 g6 2. d4 c5 3. Nf3 cxd4 4. Qxd4 Nf6 5. Nc3 Nc6 6. Qa4 d6 7. e5 dxe5 8. Nxe5 Bd7 9. Nxd7 Qxd7 10. Be3 Bg7 11. Rd1 Qc7 12. Nb5 Qe5 13. Be2 0-0 14. 0-0 Qxb2 15. Bf3 Qe5 16. Rfe1 a6 17. Nd4 Qc7 18. Nxc6 bxc6 19. Bf4 Qb6 20. Bxc6 Rac8 21. Bf3 e6 22. c4 Rfd8 23. Rxd8+ Rxd8 24. Be3 Qc7 25. Qxa6 Rc8 26. Be2 Nd7 27. Rc1 Nc5 28. Qb5 Bf8 29. Rb1 Ra8 30. a4 Nxa4 31. Bf3 Ra5 32. Qc6 Qxc6 33. Bxc6 Nc3 34. Rf1 Bc5 35. Bd2 Ne2+ 36. Kh1 Ra2 37. Be3 Bxe3 38. fxe3 Rc2 39. Bb5 Nc3 40. Be8 f5 41. Bd7 Kf7 42. Bc6 Ke7 43. g3 Kd6 44. Bb7 Kc5 45. Bc8 e5 46. Be6 Ne4 47. Kg1 Ng5 48. Bd5 e4 49. Ra1 Nf3+ 50. Kf1 Nxh2+ 51. Ke1 Ng4 52. Ra5+ Kd6 53. Ra6+ Ke7 54. Ra3 Ne5 55. Ra7+ Kf6 56. Rxh7 Nxc4 57. Bxc4 Rxc4 58. Rh4 Kg5 59. Kf1 Rc2 60. Rf4 Rh2 61. g4 Rh4 62. Rf2 Rxg4 63. Ke2 Kf6 64. Rh2 g5 65. Rh6+ Ke5 66. Rh5 Kf6 67. Rh6+ Kg7 68. Re6 Rg2+ 69. Kf1 Rb2 70. Re7+ Kg6 71. Re5 Rb4 72. Kf2 f4 73. exf4 gxf4 74. Ke2 Rb2+ 75. Kf1 e3 76. Ke1 Kf6 77. Re8 Kf5 78. Rg8 f3 79. Rf8+ Kg4 80. Rg8+ Kh5 0-1

[Event "EU-ch U16 Girls 27th"]
[Site "Mamaia"]
[Date "2017.09.07"]
[Round "3"]
[White "Erece, Ece Alkim"]
[Black "Kucharska, Honorata"]
[Result "1/2-1/2"]
[WhiteElo "1722"]
[BlackElo "1917"]
[PlyCount "48"]
[EventDate "2017.09.05"]
[EventType "swiss"]
[EventRounds "9"]
[EventCountry "ROU"]
[SourceTitle "CBM 180 Extra"]
[Source "ChessBase"]
[SourceDate "2017.10.06"]
[SourceVersion "1"]
[SourceVersionDate "2017.10.06"]
[SourceQuality "1"]

1. e4 e6 2. d4 d5 3. Nc3 Nf6 4. Bg5 Be7 5. e5 Nfd7 6. Bxe7 Qxe7 7. Nb5 Nb6 8. c3 a6 9. Na3 c5 10. f4 Nc6 11. Nf3 cxd4 12. cxd4 Qb4+ 13. Qd2 Qxd2+ 14. Kxd2 Ke7 15. Nc2 Bd7 16. Bd3 Na7 17. Ne3 g6 18. g4 h5 19. h3 Rac8 20. b3 Bb5 21. Bc2 Be8 22. Bd3 Bb5 23. Bc2 Be8 24. Bd3 Bb5 1/2-1/2